000 00343cam a2200145ua 4500
041 _aeng
_h
100 _aMullik, B.R .
245 _aH.G Wells /
_cB.R Mullik.
_hTextual Documents
260 _aNew Delhi :
_bS.Chand & Sons ,
_c1959.
300 _a70 ; .
504 _a
650 _aLiterature-English
942 _cBK
999 _c2358
_d2358